000 00767nam a2200301Ia 4500
001 18146
003 IT-RoPAU
008 130308s9999 xx 000 0 und d
040 _aIT-RoPAU
040 _cIT-RoPAU
041 _aFRANCESE
100 _aRestany Pierre
100 _gCodice Aut. SPICS: 2110
245 _aOutil du journalisme ou huitieme art?
245 _bUnivers des Signes (L')
250 _a1a ed.
260 _aPARIS
260 _bMasson Et Cie
260 _c1974 [1° Ed.:1974 - Ed.Ling.Originale:1967]
300 _a"3 p. (prefazione: no ; testo: 3 [pagine: 48-50])"
500 _aFumetto Asterix
650 _aSEGNOLOGIA
650 _eCodice materia Spics: 3001
942 _cBK
957 _71
999 _c38609
_d38609
999 _bSI
999 _g1